000
00285nam a2200109Ia 4500
005
20251222144741.0
008
251222s9999||||xx |||||||||||||| ||spa||
082
_a
269.2/C76/1992
245
0
_a
Nueva evangelización, promoción humana y cultura cristiana
264
_b
CEP
942
_c
LIB
999
_c
18967
_d
18967